Central Library OPAC University of Rajshahi
Normal view MARC view

Entry Personal Name

Number of records used in: 15

001 - CONTROL NUMBER

  • control field: 5454

003 - CONTROL NUMBER IDENTIFIER

  • control field: BD-RjUL

005 - DATE AND TIME OF LATEST TRANSACTION

  • control field: 20221024163642.0

008 - FIXED-LENGTH DATA ELEMENTS

  • fixed length control field: 221024|| aca||aabn | a|a d

040 ## - CATALOGING SOURCE

  • Original cataloging agency: BD-RjUL
  • Transcribing agency: BD-RjUL

100 ## - HEADING--PERSONAL NAME

  • Personal name: Zaman, M. Supervisor

670 ## - SOURCE DATA FOUND

  • Source citation: Work cat.: (BD-RjUL)80609: Islam, Mohd. Azizul 5453, Studies on the nutrient status and plankton succession in four ponds of Rajshahi pisciculture Hatchery /, 1998